Normal view MARC view
  • PARAEDICAL

Entry Topical Term

Number of records used in: 1

001 - CONTROL NUMBER

  • control field: 8675

003 - CONTROL NUMBER IDENTIFIER

  • control field: JRU

005 - DATE AND TIME OF LATEST TRANSACTION

  • control field: 20250909153810.0

008 - FIXED-LENGTH DATA ELEMENTS

  • fixed length control field: 250909|| aca||aabn | a|a d

040 ## - CATALOGING SOURCE

  • Original cataloging agency: JRU
  • Transcribing agency: JRU

150 ## - HEADING--TOPICAL TERM

  • Topical term or geographic name as entry element: PARAEDICAL

670 ## - SOURCE DATA FOUND

  • Source citation: Work cat.: (JRU)8805: KAWTHALKAR, SHRISH M. 8674, ESSENTIALS OF HEMATOLOGY [ 4TH ED,], 2025